Normal view
MARC view
Entry Nombre personal
001 - NÚMERO DE CONTROL
- campo de control: 786
003 - IDENTIFICADOR DE NÚMERO DE CONTROL
- campo de control: DLC
005 - FECHA Y HORA DE LA ÚLTIMA TRANSACCIÓN
- campo de control: 20260306082338.0
008 - ELEMENTOS DE DATO DE LONGITUD-FIJA
- campo de control de longitud fija: 890413n| acannaab |n aba
010 ## - NÚMERO DE CONTROL DE LA BIBLIOTECA DEL CONGRESO
- Número de control de LC: n 89622454
035 ## - NÚMERO DE CONTROL DEL SISTEMA
- Número de control de sistema: (OCoLC)oca02502588
040 ## - FUENTE DE CATALOGACIÓN
- Centro catalogador/agencia de origen: DLC
- Lengua de catalogación: eng
- Centro/agencia transcriptor: DLC
- Centro/agencia modificador: MH
- Centro/agencia modificador: ViU
- Centro/agencia modificador: DLC
- Centro/agencia modificador: DLC
100 1# - ENCABEZAMIENTO-NOMBRE DE PERSONA
- Nombre de persona: Marín, Juan
670 ## - FUENTE DE DATOS ENCONTRADOS
- Cita de la fuente: [Author of Las ruinas ...]
670 ## - FUENTE DE DATOS ENCONTRADOS
- Cita de la fuente: His Las ruinas secretas de las horas, 1986:
- Información encontrada: t.p. (Juan Marín)
670 ## - FUENTE DE DATOS ENCONTRADOS
- Cita de la fuente: Bib. nat. franç., 1995
- Información encontrada: (hdg.: Marin, Juan)
675 ## - FUENTE DE DATOS NO ENCONTRADOS
- Cita de la fuente: Quien es quien en España, 1991